Life-or-Death Scenarios - Statistics

General Stats
  • This quiz has been taken 26 times
  • The average score is 30 of 45
Answer Stats
Question Tile Select % Correct
You are outside in your backyard, and suddenly there's a tornado. What scenarios will give you a good chance of survival? Climb a tree No
100%
You are outside in your backyard, and suddenly there's a tornado. What scenarios will give you a good chance of survival? Play dead No
100%
A hungry lion stares right at you with cold eyes. What scenarios will give you a good chance of survival? Run away No
96%
You are in the middle of a warzone. What scenarios will give you a good chance of survival? Breakdance No
92%
You are on a train that's about to crash. What scenarios will give you a good chance of survival? Looking at your phone No
92%
You are on a train that's about to crash. What scenarios will give you a good chance of survival? Play Dead No
92%
You are on a train that's about to crash. What scenarios will give you a good chance of survival? Start singing opera No
92%
You are on a train that's about to crash. What scenarios will give you a good chance of survival? Take a Sporcle quiz No
92%
You are in the middle of a warzone. What scenarios will give you a good chance of survival? Wear a soldier costume and pretend to be one No
92%
You are on a train that's about to crash. What scenarios will give you a good chance of survival? Get on top of the train No
88%
You are currently being hunted down by an assassin? What scenarios will give you a good chance of survival? Screaming in fear No
88%
You are in the middle of a warzone. What scenarios will give you a good chance of survival? Scream Loudly No
88%
You are in the middle of a warzone. What scenarios will give you a good chance of survival? Standing Still No
88%
You are outside in your backyard, and suddenly there's a tornado. What scenarios will give you a good chance of survival? Try to run away No
88%
You are outside in your backyard, and suddenly there's a tornado. What scenarios will give you a good chance of survival? Ask the U.S. air force for help No
85%
You are outside in your backyard, and suddenly there's a tornado. What scenarios will give you a good chance of survival? Carefully read a Wikipedia tornado survival guide No
81%
You are on a train that's about to crash. What scenarios will give you a good chance of survival? Staying on the train and hoping for the best No
81%
You are in the middle of a warzone. What scenarios will give you a good chance of survival? Holding up a surrender flag Yes
77%
You are on a train that's about to crash. What scenarios will give you a good chance of survival? Jumping and rolling off the train before it crashes Yes
77%
You are in the middle of a warzone. What scenarios will give you a good chance of survival? Lie down and play dead Yes
77%
A hungry lion stares right at you with cold eyes. What scenarios will give you a good chance of survival? Play dead No
77%
A hungry lion stares right at you with cold eyes. What scenarios will give you a good chance of survival? Start screaming in a very high-pitched voice No
77%
You are in the middle of a warzone. What scenarios will give you a good chance of survival? Walk away calmly No
77%
A hungry lion stares right at you with cold eyes. What scenarios will give you a good chance of survival? Call animal control No
69%
You are on a train that's about to crash. What scenarios will give you a good chance of survival? Run to the back of the train and jump off Yes
69%
A hungry lion stares right at you with cold eyes. What scenarios will give you a good chance of survival? Climb the nearest tree No
65%
You are outside in your backyard, and suddenly there's a tornado. What scenarios will give you a good chance of survival? Cover yourself with soft, padded materials Yes
62%
You are in the middle of a warzone. What scenarios will give you a good chance of survival? Waving your arms to let them know that you aren't a soldier No
62%
You are on a train that's about to crash. What scenarios will give you a good chance of survival? Break the doors open and flee Yes
58%
You are currently being hunted down by an assassin? What scenarios will give you a good chance of survival? Fleeing to a different country Yes
58%
You are currently being hunted down by an assassin? What scenarios will give you a good chance of survival? Locking all your doors No
54%
A hungry lion stares right at you with cold eyes. What scenarios will give you a good chance of survival? Make yourself look threatening Yes
54%
You are outside in your backyard, and suddenly there's a tornado. What scenarios will give you a good chance of survival? Dig a hole that's 20 feet deep and get inside of it Yes
50%
You are currently being hunted down by an assassin? What scenarios will give you a good chance of survival? Getting arrested Yes
50%
You are currently being hunted down by an assassin? What scenarios will give you a good chance of survival? Hiding No
46%
You are outside in your backyard, and suddenly there's a tornado. What scenarios will give you a good chance of survival? I live in Hawaii, no tornadoes happen here Yes
46%
A hungry lion stares right at you with cold eyes. What scenarios will give you a good chance of survival? Use a jetpack to fly away from the lions Yes
46%
You are currently being hunted down by an assassin? What scenarios will give you a good chance of survival? Becoming the assassin and trying to kill them No
42%
A hungry lion stares right at you with cold eyes. What scenarios will give you a good chance of survival? Throw the body of a dead animal in front of you Yes
42%
You are outside in your backyard, and suddenly there's a tornado. What scenarios will give you a good chance of survival? Get inside of your house No
38%
You are in the middle of a warzone. What scenarios will give you a good chance of survival? Running away Yes
31%
A hungry lion stares right at you with cold eyes. What scenarios will give you a good chance of survival? Walk away quietly and slowly No
23%
You are currently being hunted down by an assassin? What scenarios will give you a good chance of survival? Calling the police No
19%
You are currently being hunted down by an assassin? What scenarios will give you a good chance of survival? Legally changing your name Yes
19%
You are currently being hunted down by an assassin? What scenarios will give you a good chance of survival? Shining a phone with Sporcle on it in their face Yes
19%
No matching quizzes found
Score Distribution
Percent of People with Each Score
Percentile by Number Answered
Your Score History
You have not taken this quiz